|
|
|
|
| LEADER |
02019nam a2200397Ia 4500 |
| 001 |
EBC3379025 |
| 003 |
MiAaPQ |
| 005 |
20200520144314.0 |
| 006 |
m o d | |
| 007 |
cr cn||||||||| |
| 008 |
120807s2012 dcua sb 000 0 eng d |
| 020 |
|
|
|z 9780309224086
|
| 020 |
|
|
|z 9780309224093
|
| 035 |
|
|
|a (MiAaPQ)EBC3379025
|
| 035 |
|
|
|a (Au-PeEL)EBL3379025
|
| 035 |
|
|
|a (CaPaEBR)ebr10606366
|
| 035 |
|
|
|a (CaONFJC)MIL394885
|
| 035 |
|
|
|a (OCoLC)923288685
|
| 040 |
|
|
|a MiAaPQ
|c MiAaPQ
|d MiAaPQ
|
| 050 |
|
4 |
|a TX531
|b .E67 2012
|
| 245 |
0 |
0 |
|a Ensuring safe foods and medical products through stronger regulatory systems abroad
|h [electronic resource] /
|c Committee on Strengthening Core Elements of Food and Drug Regulatory Systems in Developing Countries ; Board on Global Health and the Board on Health Science Policy ; Jim E. Riviere and Gillian J. Buckley, editors ; Institute of Medicine of the National Academies.
|
| 260 |
|
|
|a Washington, D.C. :
|b National Academies Press,
|c 2012.
|
| 300 |
|
|
|a xvii, 348 p. :
|b ill. (some col.)
|
| 504 |
|
|
|a Includes bibliographical references.
|
| 533 |
|
|
|a Electronic reproduction. Ann Arbor, MI : ProQuest, 2015. Available via World Wide Web. Access may be limited to ProQuest affiliated libraries.
|
| 650 |
|
0 |
|a Food industry and trade
|x Safety regulations
|x International cooperation.
|
| 650 |
|
0 |
|a Pharmaceutical industry
|x Safety regulations
|x International cooperation.
|
| 655 |
|
4 |
|a Electronic books.
|
| 700 |
1 |
|
|a Riviere, J. Edmond
|q (Jim Edmond)
|
| 700 |
1 |
|
|a Buckley, Gillian J.
|
| 710 |
2 |
|
|a Institute of Medicine (U.S.).
|b Committee on Strengthening Core Elements of Food and Drug Regulatory Systems in Developing Countries.
|
| 710 |
2 |
|
|a Institute of Medicine (U.S.).
|b Board on Global Health.
|
| 710 |
2 |
|
|a Institute of Medicine (U.S.).
|b Board on Health Sciences Policy.
|
| 710 |
2 |
|
|a National Academies Press (U.S.)
|
| 710 |
2 |
|
|a ProQuest (Firm)
|
| 856 |
4 |
0 |
|u https://ebookcentral.proquest.com/lib/matrademy/detail.action?docID=3379025
|z Click to View
|